Normal view MARC view

Entry Nombre corporativo

Number of records used in: 1

001 - NÚMERO DE CONTROL

  • campo de control: 48511

003 - IDENTIFICADOR DE NÚMERO DE CONTROL

  • campo de control: mxcmmo

005 - FECHA Y HORA DE LA ÚLTIMA TRANSACCIÓN

  • campo de control: 20241018004505.0

008 - ELEMENTOS DE DATO DE LONGITUD-FIJA

  • campo de control de longitud fija: 241018|| aca||aabn | a|a d

040 ## - FUENTE DE CATALOGACIÓN

  • Centro catalogador/agencia de origen: mxcmmo
  • Centro/agencia transcriptor: mxcmmo

110 ## - ENCABEZAMIENTO-NOMBRE DE ENTIDAD CORPORATIVA

  • Nombre de entidad corporativa o nombre de jurisdicción como elemento de entrada: Instituto Panamericano de Geografia e Historia
  • Unidad subordinada: Reunion Panamericana de Consulta sobre Cartografia
  • Número del congreso/reunión o número de parte o sección: (7 :
  • Fecha del congreso o de la firma del tratado: 1955 :
  • Sede del congreso/Lugar de la reunión: Mexico, D.F

670 ## - FUENTE DE DATOS ENCONTRADOS

  • Cita de la fuente: Work cat.: (mxcmmo)25584: Informe de progreso de las actividades cartográficas de los Estados Unidos de Norte América para el período 1o. de julio de 1952 al 30 de junio de 1954